| 000 | 00769nam a2200241Ia 4500 | ||
|---|---|---|---|
| 003 | GCL | ||
| 008 | 140319s9999 xx 000 0 ara d | ||
| 020 | _a8949401977 | ||
| 040 |
_aGCL / _cGCL |
||
| 082 | 0 | 4 |
_aق _b920.7 _bس م |
| 100 | 1 | _aسوسن الدويك | |
| 245 | 1 | 0 |
_aمحرمات ثقافية / _cسوسن الدويك |
| 260 |
_aالقاهرة : _bالهيئة المصرية العامة للكتاب ، _c2005 |
||
| 300 |
_a796 ص ؛ _c24 سم |
||
| 650 | 0 | 4 | _aالرجال - تراجم |
| 650 | 0 | 4 | _aالفنانون - تراجم |
| 650 | 0 | 4 | _aالنساء - تراجم |
| 650 | 0 | 4 | _aجابر عصفور |
| 650 | 0 | 4 | _aاحمد فؤاد نجم |
| 650 | 0 | 4 | _aاسامة انور عكاشة |
| 650 | 0 | 4 | _aعمار الشريعى |
| 942 |
_2ddc _cBK |
||
| 999 |
_c8720 _d8720 |
||